| 000 | 01270nam a2200313Ia 4500 | ||
|---|---|---|---|
| 001 | Z_6117 | ||
| 008 | 220601s9999 xx 000 0 und d | ||
| 020 | _a978-968-24-8370-7 | ||
| 082 | _a633.2 P37 2008 | ||
| 245 | _aPastizales naturales / Johan D. Berlijn; coautor Abel E. Bernardón ; colaboración F. R. Kircher Salinas | ||
| 250 | _a2a ed. | ||
| 260 | _aMéxico : Trillas | ||
| 300 | _a95 p. | ||
| 440 |
_a(Manuales para educación agropecuaria: Área de producción vegetal ; 20) _9141442 |
||
| 500 | _aBasado en el trabajo de Johan D. Berlijn y Abel E. Bernardón Este manaual ha sido elaborado dentro de un proyecto de cooperación técnica internacional de la DGETA, SEP, FAO Y PNUD | ||
| 503 | _aej.1. C/E, ej.2: C/E, ej.3: C/E, ej.4: C/E, ej.5: C/E | ||
| 504 | _aIncluye índice | ||
| 650 |
_a1. Pastizales _9151717 |
||
| 650 |
_aPastizales naturales _9141444 |
||
| 650 |
_aAplicación de abonos _9141443 |
||
| 650 |
_aPastoreo _985984 |
||
| 650 |
_aPraderas _991230 |
||
| 700 |
_aI. Berlijn, Johan D. \ II. Bernardon, Abel E., coaut. \ III. Kircher Salinas, F. R., colab.Ì _9181148 |
||
| 901 | _a633.2 P37 2008 | ||
| 902 | _aM | ||
| 905 | _a0000002008 mx amn 0000000000spa00 | ||
| 942 | _c1 | ||
| 999 |
_c216994 _d216994 |
||